Normal view
MARC view
- M. Aguilar Benitez, A. Morales, E. Fernandez, F. J. Yndurain
Entry Personal Name
001 - CONTROL NUMBER
- control field: 20596
003 - CONTROL NUMBER IDENTIFIER
- control field: NUST
005 - DATE AND TIME OF LATEST TRANSACTION
- control field: 20190913055403.0
008 - FIXED-LENGTH DATA ELEMENTS
- fixed length control field: 190913|| aca||aabn | a|a d
040 ## - CATALOGING SOURCE
- Original cataloging agency: NUST
- Transcribing agency: NUST
100 ## - HEADING--PERSONAL NAME
- Personal name: M. Aguilar Benitez, A. Morales, E. Fernandez, F. J. Yndurain
670 ## - SOURCE DATA FOUND
- Source citation: Work cat.: (NUST): M. Aguilar Benitez, A. Morales, E. Fernandez, F. J. Yndurain, 25th International Winter Meeting on Fundamental Physics Selected Topics on High Energy and Astroparticle Physics , 1998
